• 首页
  • 本馆介绍
  • 公告通知
  • 最新文献
  • 馆藏检索
  • 电子资源
  • 读者导购
  • 参考咨询
  • 我的图书馆
  • 登录
  • 详细信息显示
  • 放入我的书架
  • 预约/预借图书
  • 作者相关作品
  • 分类相关作品
  • 丛书相关作品
  • 出版社相关作品

书目信息

  • 表格格式
  • 工作单格式
  • 卡片格式
题名:
地理学数学方法
    
 
作者: 刘贤赵 , 张安定 , 李嘉竹 主编
分册:  
出版信息: 北京   科学出版社  2009.08
页数: 265页
开本: 26cm
丛书名:
单 册:
中图分类: P91
科图分类:
主题词: 数理地理学--数学方法 , 数理地理学 , 数学方法
电子资源:
ISBN: 978-7-03-024944-9
000 00995nam0 2200289 450
001 010010028897
005 20091208161355.73
010    @a978-7-03-024944-9@dCNY35.00
100    @a20090903d2009 em y0chiy0110 ea
101 0  @achi
102    @aCN@b110000
105    @aak z 000yy
106    @ar
200 1  @a地理学数学方法@9di li xue shu xue fang fa@dMathematical methods in geography@f刘贤赵,张安定,李嘉竹主编@zeng
210    @a北京@c科学出版社@d2009.08
215    @a265页@c图@d26cm
330    @a本书共六篇十六章,主要介绍了地理数据与预处理、常用数值计算、方差分析、回归分析、聚类分析、主成分分析、非线性回归模型、地理统计等。
510 1  @aMathematical methods in geography@zeng
606 0  @a数理地理学@x数学方法
606 0  @a数理地理学
606 0  @a数学方法
690    @aP91@v4
701  0 @a刘贤赵@9liu xian zhao@4主编
701  0 @a张安定@9zhang an ding@4主编
701  0 @a李嘉竹@9li jia zhu@4主编
801  0 @aCN@bRENTIAN@c20091208
905    @b20795153-57@dP91@e127@f5
    
    地理学数学方法=Mathematical methods in geography/刘贤赵,张安定,李嘉竹主编.-北京:科学出版社,2009.08
    265页:图;26cm
    
    
    ISBN 978-7-03-024944-9:CNY35.00
    本书共六篇十六章,主要介绍了地理数据与预处理、常用数值计算、方差分析、回归分析、聚类分析、主成分分析、非线性回归模型、地理统计等。
●
相关链接 在E读中查询图书 在五车中查询图书 在当当中查询图书 在豆瓣中查询图书


正题名:地理学数学方法     索取号:P91/127         预约/预借

序号 登录号 条形码 馆藏地/架位号 状态 备注
1 795153   207951536   第二样本阅览室/ [索取号:P91/127] 在馆    
2 795154   207951545   第三借阅区/ [索取号:P91/127] 在馆    
3 795155   207951554   第三借阅区/ [索取号:P91/127] 在馆    
4 795156   207951563   第三借阅区/ [索取号:P91/127] 在馆    
5 795157   207951572   资源管理系资料室/ [索取号:P91/127] 在馆    
唐山师范学院图书馆 欢迎您!
大连网信软件有限公司© 版权所有